000 00518nam a2200181Ia 4500
003 GCL
008 140319s9999 xx 000 0 ara d
040 _aGCL /
_cGCL
082 0 4 _aط
_b811.0099282
_bس م
100 1 _aشركة سفير
245 1 0 _aاقراء /
_cشركة سفير
260 _a[S.N] :
_bسفير ،
_c1992
490 _aسلسلة الاغانى والاناشيد
_v0
650 0 4 _aالاطفال
650 0 4 _aشعر الاطفال
650 0 4 _aاغانى الاطفال
942 _2ddc
_cBK
999 _c57560
_d57560